[Event "St Petersburg-ch"]
[Site "St Petersburg"]
[Date "1996.??.??"]
[Round "10"]
[White "Lugovoi, Aleksei"]
[Black "Khalifman, Alexander"]
[Result "1/2-1/2"]
[WhiteElo "2500"]
[BlackElo "2640"]
[Annotator "Stohl,I"]
[PlyCount "79"]
[EventDate "1996.04.??"]
[EventType "tourn"]
[EventRounds "13"]
[EventCountry "RUS"]
[EventCategory "11"]
[SourceTitle "CBM 056"]
[Source "ChessBase"]
[SourceDate "1997.02.01"]
[SourceVersion "1"]
[SourceVersionDate "1997.02.01"]
[SourceQuality "1"]

1. d4 Nf6 2. c4 c5 3. d5 b5 4. cxb5 a6 5. bxa6 g6 6. Nc3 Bxa6 7. e4 Bxf1 8.
Kxf1 d6 9. Nf3 (9. g3 Bg7 10. Kg2 O-O 11. Nf3 Qb6 $6 (11... Nbd7 {-9.Nf3}) 12.
Re1 Na6 13. Re2 Nb4 14. Bf4 $1 Qa6 15. Qd2 Rfb8 (15... Nd3 16. Bh6 $36) 16. Ne1
Nd7 17. a3 Qa5 18. Rc1 Na6 {Nepomnishay,M-Sivokho,S/St.Petersburg-ch/1996/} 19.
Nf3 $5 c4 20. e5 Nac5 21. Rc2 $40 {[%csl Gd5,Ge5] [+]}) 9... Nbd7 10. g3 (10.
h3 Bg7 11. Kg1 O-O 12. Kh2 Qa5 13. Re1 Rfb8 14. Re2 Ne8 15. Rc2 Nb6 16. Rb1 Nc4
17. Nd2 Bxc3 $1 18. Rxc3 {1/2,Sakaev,K-Khalifman,A/St.Petersburg-ch/1996/} Nxd2
19. Bxd2 Qxa2 $132) 10... Bg7 11. Kg2 O-O 12. Re1 {White tries to do without
the profylactic h3 and plays for an immediate central break.} (12. h3 Ra6 $5
$44) 12... Ng4 (12... Ra7 $5 13. h3 (13. e5 dxe5 14. Nxe5 Nxe5 15. Rxe5 Qa8
$132) 13... Qa8 14. Qc2 Rb8 15. Bf4 Nb6 16. b3 Nfd7 17. a4 f5 $1 18. Rad1 Bxc3
19. Qxc3 fxe4 20. Rxe4 e5 $1 (20... Nxd5 $2 21. Rxd5 Qxd5 22. Rxe7 $18) 21.
dxe6 $8 Qxe4 22. Bxd6 Rc8 23. exd7 Rxd7 24. Re1 Qc6 25. Bf4 c4 26. bxc4 Nd5 27.
Qe5 Nxf4+ 28. Qxf4 Rf7 29. Qe4 Qxe4 30. Rxe4 Rcf8 $10 {Ulibin,M-Khalifman,A/
RUS-ch Elista/1996/}) (12... Qa5 13. e5 Ng4 (13... dxe5 14. Nxe5 Nxe5 15. Rxe5
Ra7 16. Qe2 $16) 14. exd6 exd6 15. Bf4 Rfb8 $1 (15... Nge5 $6 16. Nxe5 Nxe5 {
Dautov,R-Georgiev,Ki/Altensteig/1995/} 17. Re4 $1 Qb6 18. Qe2 f5 19. Ra4 Rab8
20. b3 $16) 16. Re2 Bxc3 $5 (16... Qa6 17. Rc1 Nge5 18. Nxe5 Nxe5 19. Bxe5 Bxe5
20. Rcc2 $6 (20. Rd2 Rb4 21. Qf3 $14) 20... Rb4 $1 21. Qd2 Rd4 22. Qg5 Kg7 23.
Qc1 Rd3 $44 {Rogozenko,D-Vajda,L/Bucharest/1996/}) 17. bxc3 Qxc3 18. Rc1 (18.
Bxd6 Rb2 $132) 18... Qf6 19. Ng5 Qf5 20. Ne4 Ngf6 21. Nxd6 Qxd5+ 22. Qxd5 Nxd5
23. Bh6 f6 24. Rd2 N5b6 25. Be3 Ra5 26. Ne4 $14 {Yakovich,Y-Solozhenkin,E/
RUS-ch Elista/1996/}) 13. Nd2 {This move was considered to be most dangerous
for Black, but gradually the Volga-adherents have found ways to get
counterplay. Therefore Hjartarson's idea against Zueger desrves serious
attention.} (13. h3 Nge5 14. Nxe5 Nxe5 15. f4 Nd7 (15... Nc4 16. Qd3 $14) 16.
Qc2 Ra6 17. a4 Qa8 18. Nb5 Rc8 19. Bd2 c4 20. Bc3 Bxc3 21. Nxc3 Nc5 22. Re2 Rb8
23. Ra3 Rb4 $44 {Neverov,V-Bologan,V/Nikolaev zt /1995/}) (13. Qe2 Nge5 (13...
Qa5 14. Bg5 Rfe8 15. Nd2 $5 $14) 14. Nxe5 $5 (14. Nd2 {-13.Nd2}) 14... Nxe5 15.
f4 Nd7 16. Bd2 Qb6 17. b3 Rfb8 18. Rac1 Qb7 19. Rc2 Nb6 20. h4 Qa6 21. Qf3 c4
22. b4 Qc8 23. Bc1 Nd7 24. a3 Nf6 25. Bb2 e6 26. dxe6 Qxe6 27. Rce2 Qd7 28. e5
$40 {Hjartarson,J-Zueger,B/Winterthur/1996/}) (13. Bf4 Qa5 14. h3 Nge5 15. Nxe5
Nxe5 16. Qe2 Rfb8 17. Rac1 Qa6 18. Bxe5 Bxe5 19. Rc2 Qxe2 20. Rexe2 Rb4 21. a3
Rb3 22. Nd1 Bd4 23. Ne3 Bxe3 24. Rxe3 Rxe3 25. fxe3 Rb8 26. Kf3 Rb3 $44 {
Karpov,An-Salov,V/Belgrade/1996/}) 13... Nge5 (13... h5 14. h3 Nge5 15. Qe2 Nb6
16. f4 Ned7 17. a3 Qc7 18. Nb5 Qb7 19. Rb1 Rfb8 20. Nc3 Qa6 21. Qxa6 Rxa6 22.
Na2 Na4 23. b3 Nc3 24. Nxc3 Bxc3 25. Re2 e6 26. dxe6 fxe6 27. Nc4 d5 28. exd5
exd5 29. Ne5 Nxe5 30. fxe5 Re8 $10 {Arnold,J-Kiss,F/Budapest FS02 IM/1996/})
14. Qe2 Nb6 15. f4 Ned7 16. a4 (16. Nf3 Na4 17. e5 Ndb6 18. Rd1 Nxc3 19. bxc3
Qc8 20. Rb1 Qa6 21. Qxa6 Rxa6 22. a3 Rfa8 23. h4 Nc4 24. Rb7 R6a7 25. Rxa7 Rxa7
26. Re1 h6 27. Re2 Nxa3 28. Ra2 Nb5 29. Rxa7 Nxa7 30. c4 Nc8 31. Bb2 Nb6 $10 {
Komljenovic,D-Collas,D/Paris op/1996/}) 16... Ra7 (16... e6 17. dxe6 fxe6 18.
Nf3 $1 (18. a5 Nc8 19. Qc4 Re8 20. b4 Ncb6 21. Qb3 cxb4 22. Qxb4 Nc5 23. Re3
Nbd7 24. Bb2 e5 25. Qc4+ Kh8 26. Nb5 Nf6 $132 {Arnold,J-Lohage,A/Balatonbereny
op/1996/}) 18... Re8 19. Nb5 Qb8 20. Qd1 $1 Nc8 $8 21. Ra2 Ra6 22. b3 Qb7 23.
Rd2 $16 {Chernin,A-Weindl,A/San Bernardino/1994/}) (16... Qc8 17. a5 Qa6 18.
Ra3 Qxe2+ 19. Nxe2 Nc8 20. Nc4 f5 21. exf5 Rxf5 22. g4 Rf8 23. h3 Kf7 24. Rb3
Rb8 25. Rxb8 Nxb8 26. Bd2 Na6 27. Bc3 $14 {Huss,A-Ballmann,M/Winterthur/1996/})
(16... Bxc3 17. bxc3 Rxa4 18. Rxa4 Nxa4 19. c4 $14) 17. a5 Qa8 $1 $146 {
The more passive alternative} (17... Na8 {is insufficient for equality:} 18.
Nc4 Nc7 19. e5 Qa8 20. Qf3 Ra6 21. Ra3 e6 22. exd6 Nxd5 23. Rd1 N7f6 24. Rb3
Qc6 25. Rb6 Qa8 26. Rb5 Qa7 27. Be3 Nxc3 28. bxc3 Nd5 29. Bxc5 {Huss,A-Vaiser,
A/Grand-Prix Suisse/1990/}) (17... Qb8 18. Ra3 Na8 19. Nc4 Nc7 20. Rd1 Nb5 21.
Nxb5 Qxb5 22. Bd2 Rb8 23. Qd3 Qa6 24. Bc3 Rb4 25. Bxg7 Qxc4 26. Bc3 Qxd3 27.
Rxd3 Rxe4 28. Kf3 f5 29. Re3 $16 {[%csl Ga5,Gc3] Bc3,o^a,_|_,Quinteros,
MA-Giardelli,S/Buenos Aires op/1995/}) 18. Qb5 (18. Nb3 $2 Bxc3 19. bxc3 Nxd5
$1 $15 {[%csl Re4,Rf4,Rg2] Black gets his pawn back, White's center and K-side
are weakened.}) (18. a6 Qc8 {[%cal Rc5c4,Ra7a6] /\c4,Ra6} (18... Rb8 $5 19. Nb5
Rxa6 20. Nc7 Rxa1 21. Nxa8 Rbxa8 $13) 19. Nb5 Ra8 (19... Rxa6 $2 20. Nxd6 $16)
20. a7 Qb7 {[%cal Yb6c8] /\Nc8=}) 18... Rb8 $5 (18... Nc8 $6 19. Nc4 $36) 19.
axb6 $8 Rxa1 20. Qxd7 Rxb6 21. Ndb1 $5 (21. Qxe7 Bxc3 22. bxc3 Rxc1 23. Rxc1
Rb2 24. Rf1 (24. Rd1 $2 Qa4 $40) (24. Qxd6 Rxd2+ 25. Kh3 Qa2 $44) 24... Rxd2+
25. Rf2 Rxf2+ 26. Kxf2 Qa2+ 27. Ke3 Qc2 $10) (21. e5 e6 $5 {[%csl Rd7] ףd7} (
21... dxe5 22. Nc4 Rb7 23. Qc6 $14) 22. Nc4 Rb7 23. Qxd6 Bf8 24. Nb6 Qa6 $17)
21... Qb8 (21... Bxc3 22. Nxc3 Rxb2+ 23. Bxb2 Rxe1 24. Qxe7 Qb8 25. Na4 Re2+
26. Kh3 Rxb2 27. Nxb2 Qxb2 28. Qxd6 Qe2 29. Qxc5 Qh5+ 30. Kg2 Qe2+ 31. Qf2 $14)
22. e5 $8 (22. Qxe7 $2 Rb7 23. Qg5 Bxc3 24. Nxc3 Rxb2+ $36) 22... Ra7 (22...
dxe5 23. fxe5 Ra7 (23... Bxe5 $2 24. Rxe5 Ra7 25. Qxe7 Rxe7 26. Rxe7 $40) 24.
Qg4 {-22...Ra7}) 23. Qg4 dxe5 24. fxe5 Bxe5 $44 25. Rxe5 $5 (25. Qc4 Bd4 $13)
25... Qxe5 26. Qc8+ Kg7 27. Qxc5 Rab7 28. Qf2 Kg8 29. Qe2 $10 Qxe2+ (29... Qf5
30. Na3 (30. Nd2 $2 Qc2 $17) 30... Rb4 31. Nc4 $1 $13 {/\} Rxc4 32. Qxc4 Qc2+
33. Kf3 $8 (33. Kh3 Qxc1 34. Qc8+ Kg7 35. Qxb7 Qf1+ 36. Kh4 Qf5 37. g4 Qf2+ 38.
Kh3 Qf3+ 39. Kh4 g5+ 40. Kh5 Qf6 41. Qc6 e6 $19) 33... Qxc1 34. Qc8+ $16) 30.
Nxe2 Kg7 (30... Rd6 31. Nbc3 $10) 31. Nbc3 Kf6 32. Kf3 Rxb2 33. Bxb2 Rxb2 34.
Kf4 g5+ 35. Ke4 h6 36. g4 Kg6 37. h3 h5 38. Nd4 hxg4 39. hxg4 Kf6 40. Nde2 (40.
Nc6 Rb7 41. Kd4 Kg6 {[%cal Rf7f5] /\f5} 42. Ne5+ Kg7 43. Ne4 f6 44. Nd3 Kg6 $10
) (40. Nde2 Kg6 $10) 1/2-1/2

[Event "St Petersburg-ch"]
[Site "St Petersburg"]
[Date "1996.??.??"]
[Round "11"]
[White "Khalifman, Alexander"]
[Black "Orlov, Vassily"]
[Result "1-0"]
[WhiteElo "2640"]
[BlackElo "2430"]
[Annotator "Ribli,Z"]
[PlyCount "81"]
[EventDate "1996.04.??"]
[EventType "tourn"]
[EventRounds "13"]
[EventCountry "RUS"]
[EventCategory "11"]
[SourceTitle "CBM 056"]
[Source "ChessBase"]
[SourceDate "1997.02.01"]
[SourceVersion "1"]
[SourceVersionDate "1997.02.01"]
[SourceQuality "1"]

1. Nf3 Nf6 2. c4 e6 3. Nc3 d5 4. d4 Bb4 5. cxd5 exd5 6. Bg5 c5 $6 (6... h6 $5)
(6... Nbd7 $5) 7. dxc5 $5 Nc6 8. e3 $1 (8. Rc1 d4 9. a3 $13) 8... Bg4 (8... h6
9. Bh4 $6 (9. Bxf6 Qxf6 10. Rc1 $14) 9... g5 10. Bg3 Ne4 11. Bb5 Nxc3 12. Bxc6+
bxc6 13. Qd4 Nxa2+ 14. Nd2 Bxd2+ {Führt zu einer theoretischen Variante mit
gleichen Chancen.}) 9. Be2 h6 10. Bxf6 Qxf6 11. O-O O-O-O (11... Bxc3 12. bxc3
Qxc3 (12... O-O-O 13. Nd4 $16) 13. Qxd5 {Und Schwarz hat keinen ausreichenden
Ersatz für den Bauer.}) 12. Rc1 Bxc5 13. Nxd5 Qd6 14. Qa4 $1 {Dieser
Zwischenzug garantiert weißen Vorteil.Ribli.} (14. Nc3 $6) 14... Be6 15. Nf4
Kb8 16. Nxe6 fxe6 17. Rfd1 Qe7 18. Bb5 {Weiss hat nicht nur einen Bauern mehr,
sondern auch die bessere Stellung. Ribli.} Rxd1+ 19. Rxd1 Rc8 20. Qf4+ (20.
Bxc6 Rxc6 21. Ne5 Rd6 {Das ist auch vorteilhaft für Weiß, aber die Spannung zu
halten, ist noch besser. Ribli.}) 20... Ka8 21. Qe4 a6 22. Bc4 e5 (22... Re8)
23. a3 Ka7 24. h3 {Weiß muß sich nicht beeilen, er verbessert seine Stellung
mit kleinen Zügen. Schwarz muß ohne allzu große Hoffnung auf Gegenspiel
weiterspielen. Ribli.} Bd6 25. Nh4 Bb8 26. Nf3 {Vielleicht war Weiß in
Zeitnot? Oder demonstriert er seine Kraft mit dieser Zugwiederholung? Ribli.}
Nd8 27. Bd5 Bd6 28. Qd3 Bb8 29. Nd2 Ne6 30. Qf5 Re8 31. Bxe6 Qxe6 32. Qxe6 Rxe6
33. Rc1 $1 Rb6 (33... Rd6 34. Ne4 {Und es gibt keinen Eindringungspunkt für
Schwarz.Ribli.}) 34. Rc2 Bd6 35. Kf1 Kb8 36. Ke2 {Die Annäherung des Königs
entscheidet die Partie. Ribli.} Bc7 37. Kd3 Rg6 38. g3 Rf6 39. Ne4 Rb6 40. Nc3
h5 41. Nd5 (41. Nd5 {Und Schwarz muß aufgeben, da nach} Rd6 42. Ke4 {er
mindestens einen weiteren Bauern verliert. Ribli.}) 1-0

[Event "St Petersburg-ch"]
[Site "St Petersburg"]
[Date "1996.??.??"]
[Round "13"]
[White "Khalifman, Alexander"]
[Black "Nepomnishay, Mikhail I"]
[Result "1-0"]
[WhiteElo "2640"]
[BlackElo "2480"]
[Annotator "Gutman,L"]
[PlyCount "163"]
[EventDate "1996.04.??"]
[EventType "tourn"]
[EventRounds "13"]
[EventCountry "RUS"]
[EventCategory "11"]
[SourceTitle "CBM 056"]
[Source "ChessBase"]
[SourceDate "1997.02.01"]
[SourceVersion "1"]
[SourceVersionDate "1997.02.01"]
[SourceQuality "1"]

1. e4 c5 2. Nf3 d6 3. d4 cxd4 4. Nxd4 Nf6 5. Nc3 a6 6. Be2 e5 7. Nb3 Be7 8. O-O
O-O 9. Kh1 Nbd7 10. a4 b6 11. Be3 Bb7 12. f3 Qc7 13. Rf2 {Folgt G. Kasparow.
Die Hauptafgabe von Weiß besteht darin,den Durbruch d6-d5 zu verhindern;} (13.
Nc1 Rac8 14. N1a2 d5 $1 15. Nxd5 Nxd5 16. exd5 Qxc2 17. d6 Bf6 {Zeschkowski -W.
Gurewitsch, Capelle la Grande 1994, mit gleichen Chancen.}) 13... Rfd8 (13...
Rad8 14. Bf1 Nc5 15. Rd2 h6 16. Nxc5 bxc5 17. Bc4 Nh5 18. Nd5 Bxd5 19. Rxd5 {
Kasparow- De Firmian,Intel Grand Prix, New York 1995, und der weißfeldrige
Läufer beherrscht das Geschehen.}) 14. Bf1 h6 15. Rd2 Bc6 (15... Rac8 16. Nc1
Nc5 17. N1a2 a5 {wird beantwortet mit} 18. Bb5 $1 {nebst b3, Bc4} (18. Nb5 $6
Qd7 19. Nac3 Qe6 20. Nd5 Nxd5 21. exd5 Qg6 22. c3 Bg5 23. Bxg5 Qxg5 24. Ra3 {
mit Remis,Wolff -Sunye Neto, New York Cits 1996})) 16. Nc1 Nc5 17. N1a2 Nxa4
18. Nxa4 Bxa4 19. Nc3 Bd7 20. Rxa6 Rxa6 21. Bxa6 Be6 22. Qg1 Rb8 23. Bb5 Qb7
24. Qd1 Rd8 25. Bg1 Ra8 26. Na4 Bd7 27. Bxd7 Nxd7 28. Nc3 Qc6 29. Nd5 Bf8 30.
Rd3 {Mit Vorteil für Weiß.} Ra7 31. g3 Qa8 32. Qe2 Ra1 33. Rd1 Ra2 34. Qb5 Qb7
35. Kg2 Nf6 36. Qb3 Ra6 37. Nxf6+ gxf6 38. Bf2 Qc6 39. c3 Qa8 40. Qd5 Qc8 41.
Qb5 Ra2 42. g4 h5 43. h3 hxg4 44. hxg4 Ra5 45. Qxb6 Ra8 46. Qe3 Ra2 47. Rd2 Qc4
48. b4 Ra3 49. Qd3 Qb3 50. b5 Bh6 51. Re2 Kg7 52. b6 Ra1 53. Qc2 Qc4 54. Qb2
Ra5 55. Qc2 Rb5 56. Qa2 Qxc3 57. Rc2 Qb4 58. Rc4 Qb2 59. Rc2 Qb4 60. Rc7 d5 61.
exd5 Qd6 62. Rc6 Qd7 63. Qc4 Rb2 64. Qc3 Rd2 65. Qb3 e4 66. b7 Bf4 67. Qc3
exf3+ 68. Qxf3 Be5 69. b8=Q Rxf2+ 70. Kxf2 Bxb8 71. Qxf6+ Kg8 72. Qg5+ Kf8 73.
Qf5 Ba7+ 74. Kf3 Qe7 75. Qe4 Qg5 76. Rc7 Bb6 77. Rc6 Ba7 78. d6 Qf6+ 79. Qf5
Qd4 80. Rc8+ Kg7 81. Qg5+ Kh7 82. Qh5+ 1-0

[Event "Yerevan"]
[Site "Yerevan"]
[Date "1996.??.??"]
[Round "2"]
[White "Gulko, Boris F"]
[Black "Khalifman, Alexander"]
[Result "1-0"]
[WhiteElo "2615"]
[BlackElo "2650"]
[Annotator "Ribli,Z"]
[PlyCount "99"]
[EventDate "1996.04.??"]
[EventType "tourn"]
[EventRounds "11"]
[EventCountry "ARM"]
[EventCategory "15"]
[SourceTitle "CBM 053"]
[Source "ChessBase"]
[SourceDate "1996.08.01"]
[SourceVersion "1"]
[SourceVersionDate "1996.08.01"]
[SourceQuality "1"]

1. c4 {Hecht Dolmatov} c5 2. Nf3 Nf6 3. Nc3 Nc6 4. g3 g6 5. d4 cxd4 6. Nxd4 Bg7
7. Bg2 O-O 8. O-O Nxd4 (8... Ng4 {Diesen Zug hat Khalifman schon erfolglos
ausprobiert, selbverstaendlich versucht er jetzt eine andere Variante.}) 9.
Qxd4 d6 10. Qd3 a6 11. Bd2 Rb8 12. Rac1 b5 13. cxb5 $5 {Ein voruebergehendes
Bauernopfer.} (13. b3 Bf5 14. e4 Bd7 15. h3 bxc4 16. Qxc4 Qb6 $1 (16... Qa5 $6
17. Qd3 Qa3 18. Rc2 Bb5 19. Nxb5 axb5 20. Rc7 e6 21. Be3 Rbc8 22. Ra7 Qb4 23.
Rd1 $16 {Schneider,A-Kasparov,G/EUCup Lyon/1994/CBM45/INF63,42/}) 17. Qd3 Rfc8
18. Rfe1 Bc6 19. Bg5 Qa5 $10) 13... axb5 14. Nxb5 Bf5 (14... Ba6 15. a4 Qb6 16.
Bc3 $10 {Hansen,Cu} (16. b4 $5)) (14... Nd7 $5 {Dolmatov}) 15. e4 Bd7 $146 {N}
(15... Nxe4 16. Bxe4 Bxe4 17. Qxe4 Rxb5 18. b4 d5 19. Qd3 Rb7 $5 (19... Qd7 20.
a4 Rbb8 21. b5 $14 {Georgiev,Ki-Gufeld,E/Calcutta/1992/EXP34/INF54,47/}) 20.
Rc5 Rd7 $13 {Gufeld}) 16. a4 $5 (16. Nc3 Rxb2 17. Rb1 Rxb1 18. Rxb1 $14 {Gufeld
} (18. Rxb1 {Dolmatov} Ng4 $132)) 16... Qb6 (16... Ng4 $6 {Dolmatov} 17. b4 Ne5
18. Qe2 $16) 17. h3 $5 {Fuer den Anziehenden ist klar, dass er seinen
Mehrbauern zurueckgeben soll, und jetzt versucht er, eine nachfolgend
guenstige Stellung zu erreichen. Weiss will Sg4 verhindern.} (17. b4 $5) 17...
Bxb5 18. axb5 (18. Qxb5 $5 {Dolmatov} Qd4 19. Bc3 $14) 18... Qxb5 (18... Nd7 $5
{Dolmatov} 19. b4 Ne5 20. Qe2 Qxb5 21. Qxb5 Rxb5 22. Rc7 e6 $132) 19. Qxb5 Rxb5
20. b4 d5 (20... e6 $5 {/\ d5}) 21. exd5 Nxd5 {[#] [#]} 22. Rc5 $1 Rxc5 23.
bxc5 {Weiss hat einen gefahrlichen Freibauern auf der c-Linie, der dem
Anziehenden gute Gewinnchancen laesst.} e6 (23... Bc3 {Dolmatov} 24. Bxc3 Nxc3
25. Bb7 $16) 24. Rc1 Rc8 (24... Be5 $5 {Dolmatov} 25. c6 Rb8 $16) 25. c6 Bb2 $5
(25... Kf8 26. Bf1 Be5 $16) 26. Rc2 {Jetzt ist der weisse Turm ungedeckt.} Be5
27. Kf1 Ne7 $6 {/\ Nf5} (27... f5 $5) 28. g4 $5 Nd5 29. Bxd5 $1 exd5 30. Ke2 {
Weiss hat nicht nur einen starken Freibauern, sondern auch seine Figuren sind
aktiver als die von Schwarz.} f5 (30... Kf8 31. Kd3 Ke7 32. f4 Bg7 33. Bb4+ $18
) 31. gxf5 gxf5 32. Kd3 Kf7 33. Bc3 $1 Bxc3 34. Rxc3 Ke6 35. Kd4 Kd6 36. c7 $1
f4 37. Rc5 Rxc7 {Der Nachziehende hat keine andere Wahl, aber das
Bauernendspiel ist eine bekannte theoretische Verluststellung fuer ihm.} (37...
Ke6 38. Rc6+ Kd7 39. Kxd5) 38. Rxc7 Kxc7 {Hecht: [#] B-B Elementares Endspiel
f+h vs h; Zugzwang, Opposition, Dreiecksmanöver, Umge- hung} 39. Kxd5 Kd7 40.
Ke4 Ke6 41. Kxf4 {In meiner Praxis habe ich einmal dieses Endspiel gehabt.
Ribli,Z-Ree,H Amsterdam 1973 Weiss: Kc3 ba3 und bc2 Schwarz: Kc5 ba7  1.a4,Kd5
2.Kb4 Kc6 3.Kc4! Kb7 4.Kb5 Kc7 5.Kc5 Kd7 6.c4 Kc7 7.Kd5 1-0} Kf6 42. h4 Ke6 43.
Kg5 Kf7 44. Kf5 Ke7 45. Ke5 Kf7 46. h5 $1 Ke7 47. f4 Kf7 (47... h6 {Hecht} 48.
f5 Kf7 49. f6 Kf8 50. Kf4 Ke8 51. Ke4 Kf8 52. Ke5 {Dreiecksmanöver +-}) 48. Kd6
$1 {Das ist der Schluesselzug!} Kf6 49. h6 Kf7 (49... Kf5 50. Ke7 Kxf4 51. Kf6
$18 (51. Kf6 {Hecht} Ke4 52. Kg7 Kf5 53. Kxh7 Kf6 54. Kg8 $18)) (49... Kg6 50.
Ke6 Kxh6 51. f5 Kg7 52. Ke7 $18) 50. Kd7 {Ribli} (50. Kd7 Kf6 (50... Kf8 {Hecht
} 51. Ke6 Ke8 52. Kf6 Kf8 53. f5 Kg8 54. Ke7 Kh8 55. f6 Kg8 56. f7+ $18) 51.
Ke8 Kf5 (51... Ke6 {Dolmatov} 52. Kf8 Kf6 53. Kg8 Kg6 54. f5+ $18) 52. Kf7 Kxf4
53. Kg7 Kf5 54. Kxh7 Kf6 55. Kg8 $18) 1-0

[Event "Yerevan"]
[Site "Yerevan"]
[Date "1996.??.??"]
[Round "4"]
[White "Anastasian, Ashot"]
[Black "Khalifman, Alexander"]
[Result "1-0"]
[WhiteElo "2520"]
[BlackElo "2650"]
[Annotator "Ribli,Z"]
[PlyCount "87"]
[EventDate "1996.04.??"]
[EventType "tourn"]
[EventRounds "11"]
[EventCountry "ARM"]
[EventCategory "15"]
[SourceTitle "CBM 053"]
[Source "ChessBase"]
[SourceDate "1996.08.01"]
[SourceVersion "1"]
[SourceVersionDate "1996.08.01"]
[SourceQuality "1"]

1. c4 {Hecht King Dolmatov} g6 2. Nc3 Bg7 3. g3 Nf6 4. Bg2 O-O 5. Nf3 d5 6.
cxd5 Nxd5 7. O-O Nc6 8. Nxd5 (8. d4 Nb6 {siehe D76}) (8. d4) 8... Qxd5 9. d3
Qb5 $5 10. Rb1 a5 $5 (10... Be6 11. a4 $2 (11. b3 a5) 11... Qb3) 11. a4 (11. b3
a4 $1 12. Bb2 Bxb2 13. Rxb2 Be6 14. Qd2 axb3 15. axb3 Qb4 16. Qxb4 Nxb4 17. Nd4
Bd5 $10 {Andersson,U-Olafsson,F/Wijk/1976/}) (11. Be3 a4 $1 12. Qd2 Be6 $13 {
Van der Sterren,P-Xie Jun/Donner mem-A/1994/CBM43/}) 11... Qa6 (11... Qh5 12.
Bd2 (12. Bf4 {Dolmatov} e5 13. Be3 Bh3 (13... Nd4) 14. Rc1 Rad8) 12... Nb4 13.
Bc3 Bh3 14. Bxg7 Kxg7 15. Qd2 Bxg2 16. Kxg2 c5 $10 {Levine,V-Yermolinsky,A/New
York Syracuse/1995/}) 12. Be3 (12. Bf4 {Dolmatov} e5 13. Be3 Bg4) 12... Bg4 $6
$146 {Mit dieser Neuerung will Khalifman für seinen Läufer auf g7 die
Diagonale g7-b2 freihalten.} (12... e5 $5 13. Qc1 (13. Qd2 Rd8 14. Ng5 $13)
13... e4 $1 14. dxe4 Qxe2 15. Re1 (15. Rd1 $2 Be6 16. b3 Rfd8 $15 {
Valcarcel-Portisch,L/Las Palmas/1972/INF13,11/}) 15... Qd3 16. Bc5 Re8 17. Re3
Qd8 $10 {Portisch}) 13. Qd2 Rfd8 (13... Nb4 {Dolmatov} 14. Rbc1 c6 15. Ng5) 14.
Rfc1 $1 {Der weiße Turm macht Druck auf der c-Linie. >< c7} Rac8 (14... e5 15.
Ng5 $36) 15. Rc5 Bxf3 $6 {Ich verstehe diese Kombination nicht, Schwarz ist
viel stärker als sein Gegner - 130 ELO-Punkte - und jetzt spielt er mit dieser
Kombination auf Remis. Der Nachziehende steht nicht besonders schlecht.} (15...
Nb4 $5) (15... Nb4 $5 {Dolmatov} 16. Ne5 (16. Rbc1 c6 17. Ne5 Be6) 16... b6)
16. Bxf3 Ne5 17. Rxa5 (17. Bg2 $2 {Dolmatov} b6 18. Rcc1 c5 $10) 17... Nxf3+ (
17... Qxd3 $2 {Dolmatov} 18. Qxd3) 18. exf3 Qxd3 (18... Rxd3 {Dolmatov} 19.
Rxa6 Rxd2 20. Ra7 Rxb2 21. Rxb2 Bxb2 22. Rxb7 $16) 19. Qxd3 Rxd3 {Im
Endergebnis hat Khalifman seinen Bauern zurueckerobert, aber er steht minimal
schlechter, weil seine Grundlinie schwach ist.} 20. b4 b6 (20... c6 21. Ra7 Rd7
22. a5 $16 {/\ a6 oder b5}) 21. Rb5 $5 {Schwarz hat mit diesem ungewöhnlichen
Zug nicht gerechnet.} (21. Ra7 {Dolmatov} Bd4) 21... Ra3 $6 (21... Bd4 $5 22.
Bxd4 (22. Rd5 e5 (22... c5 {Dolmatov} 23. a5 $1) 23. a5 bxa5 24. bxa5 Ra3 $10)
22... Rxd4 23. Rc1 Kg7 $10) 22. a5 bxa5 23. Rxa5 $1 {[#]} (23. bxa5 {Dolmatov}
Bc3 $10) 23... Ra8 (23... Rxa5 $2 24. bxa5 Ra8 25. a6 $1 $18) (23... Rc3 $10 {
Dolmatov}) 24. Rc5 {>< c7} Rc3 25. Rc1 Rxc1+ 26. Bxc1 $1 (26. Rxc1 Ra1 $10)
26... Ra7 (26... Ra1 $6 {Dolmatov} 27. Kg2 Rb1 28. Rxc7 (28. Bd2 $2 Rb2) 28...
Be5 29. Rxe7 Bd6 30. Rd7 $16) 27. Bf4 {Jetzt muß Schwarz wählen: Wie soll er
den Bauern geben, soll er ins Turm- oder ins Läuferendspiel übergehen?} Bd4 $2
(27... e5 $1 28. Bxe5 Bxe5 29. Rxe5 Ra1+ (29... Ra4 30. b5 Rc4 $14) 30. Kg2 Kg7
$14) 28. Rxc7 Rxc7 (28... Ra2 29. Bh6 $16) 29. Bxc7 Kf8 30. Kf1 Ke8 31. Ke2 Kd7
32. Bf4 Kc6 33. Bg5 $1 {Richtig gespielt, Weiß tut gut daran, erst die
schwarze Bauernstruktur zu schwächen.} e6 34. Be3 Bc3 35. Bc5 (35. Bd2 $2 {
Dolmatov} Bd4 36. Be1 Kd5) 35... Kb5 36. Kd3 Bxb4 (36... Be1 $1 $8 {Dolmatov}
37. Ke4 (37. g4 g5) 37... Bc3) (36... Bg7 $1 {Hecht} 37. Bd4 (37. Ke4 $5 f5+
38. Kf4 Bf6) 37... Bf8 38. Bc3 f5 {Festung? - Analyse!}) 37. Bxb4 Kxb4 {
Hecht: [#] B-B 4-4 Bauern auf einem Flügel bei abgedrängtem sK, Raum, Zugzwang
Nicht erzwungene Abwicklung nach vorherigem L-Tausch!} 38. Kd4 {Natürlich
gewinnt Weiß das Bauernendspiel.} f6 (38... Kb3 {Hecht} 39. Ke5 Kc3 40. Kf6 Kd3
41. Kxf7 Ke2 42. f4 Kxf2 43. Kxe6 Kg2 44. g4 $18) 39. f4 (39. g4 {Dolmatov} g5
$10) 39... Kb5 40. g4 $1 Kc6 (40... h6 41. g5 hxg5 42. fxg5 fxg5 43. Ke5 Kc4
44. Kxe6 Kd3 45. Kf6 Ke2 (45... g4 {Hecht} 46. Kxg6 Ke2 47. Kg5 Kxf2 48. Kxg4
$18) 46. Kxg6 Kxf2 47. Kxg5 Kg2 48. h4 $18) 41. g5 $1 e5+ (41... fxg5 42. fxg5
Kd6 43. f4 Kd7 44. Ke5 Ke7 45. h3 Kd7 (45... Kf7 {King} 46. Kd6 Kg7 (46... Kf8
{Hecht} 47. Kxe6 Ke8 48. Kf6 Kf8 49. h4 Kg8 50. Ke7 Kg7 51. h5 h6 (51... Kg8
52. hxg6 hxg6 53. Kf6 Kh7 54. Kf7 $18) 52. gxh6+ Kxh6 53. hxg6 Kxg6 54. Ke6 $18
) 47. Kxe6 Kf8 48. Kf6 Kg8 49. Ke7 Kg7 50. h4 Kg8 51. h5 gxh5 52. f5 h4 53. f6
h3 54. f7+) 46. Kf6 Kd6 47. Kg7 Kd5 48. Kxh7 Ke4 49. Kxg6 Kxf4 50. Kf6 e5 51.
g6 e4 52. g7 e3 53. g8=Q $18) 42. fxe5 fxg5 43. f3 h5 44. Kc4 $18 {Ribli} 1-0